Desserts from 'H' - Statistics

General Stats
  • This quiz has been taken 16 times
  • The average score is 2 of 16
Answer Stats
Picture Answer % Correct
Halo-halo
62%
Halva
31%
Hummingbird Cake
31%
Hakuto Jelly
8%
Halawet el Jibn
8%
Hallongrotta
8%
Hamentashen
8%
Haupia
8%
Heavy Cake
8%
Herrencreme
8%
Hot Milk Cake
8%
Haddekuche
0%
Hayrabolu Tatlisi
0%
Hedgehog Slice
0%
Heong Peng
0%
Hwajeon
0%
No matching quizzes found
Score Distribution
Percent of People with Each Score
Percentile by Number Answered
Your Score History
You have not taken this quiz